| 000 | 00356nam a2200145 4500 | ||
|---|---|---|---|
| 008 | 190603s2009||||xo d | ||
| 245 | 1 | 0 | _aSlovenské národné povstanie 1944 |
| 260 |
_aBanská Bystrica _c2009 _bMuzeum SNP |
||
| 250 | _a1.vydanie | ||
| 300 | _a208 s. | ||
| 020 |
_a9788097023836 _c0 |
||
| 041 | 1 | _aslo | |
| 044 |
_axo _cSK |
||
| 958 | _aA | ||
| 999 |
_c22487 _d22487 |
||